[Event "FSFMA Oct"]
[Site "Budapest HUN"]
[Date "2002.10.09"]
[Round "5"]
[White "Schneider,V"]
[Black "Tessedik,K"]
[Result "1-0"]
[WhiteElo "2243"]
[BlackElo "2018"]

1.e4 c5 2.c3 Nf6 3.e5 Nd5 4.Nf3 d6 5.d4 cxd4 6.cxd4 e6 7.Bc4 Nb6 8.Bb3 Nc6
9.O-O Be7 10.Qe2 dxe5 11.dxe5 O-O 12.Qe4 Qc7 13.Bc2 g6 14.Bh6 Re8 15.Nbd2 Nb4
16.Bb3 Bd7 17.Rac1 Bc6 18.a3 Na6 19.Qg4 Nd5 20.Ne4 Qd7 21.Rfd1 Qd8 22.Nfg5 Bxg5
23.Bxg5 Qb6 24.Bxd5 exd5 25.Nf6+  1-0

[Event "TCh-AUT B"]
[Site "Mitte AUT"]
[Date "2002.10.11"]
[Round "8"]
[White "Tober,G"]
[Black "Benda,H"]
[Result "1/2-1/2"]
[WhiteElo "2233"]
[BlackElo "2251"]

1.e4 c5 2.c3 Nf6 3.e5 Nd5 4.d4 cxd4 5.Nf3 e6 6.cxd4 Nc6 7.Bc4 Nb6 8.Bd3 Be7
9.O-O Nb4 10.Be4 f5 11.exf6 Bxf6 12.Ne5 Qe7 13.Nc3 O-O 14.h4  1/2-1/2

[Event "TCh-AUT B"]
[Site "Mitte AUT"]
[Date "2002.10.11"]
[Round "9"]
[White "Kranzl,P"]
[Black "Pesorda,I"]
[Result "1/2-1/2"]
[WhiteElo "2247"]
[BlackElo "2255"]

1.e4 c5 2.c3 Nf6 3.e5 Nd5 4.d4 cxd4 5.Qxd4 e6 6.Nf3 Nc6 7.Qe4 d6 8.Nbd2 dxe5
9.Nxe5 Nxe5 10.Qxe5 Ne7 11.Nf3 Nf5 12.Bb5+ Bd7 13.O-O Bd6 14.Qe2 Bxb5 15.Qxb5+ Qd7
16.Qxd7+ Kxd7 17.Rd1 Kc7 18.c4 h5 19.Bd2 f6 20.Bc3 Rhd8 21.Kf1 Rd7 22.h3 e5
23.Ke2 Rad8 24.b4 Bf8 25.Rxd7+ Rxd7 26.a3 e4  1/2-1/2

[Event "ch-ESP Open"]
[Site "Ayamonte ESP"]
[Date "2002.10.12"]
[Round "9"]
[White "Mellado Trivino,J"]
[Black "Candela Perez,J"]
[Result "0-1"]
[WhiteElo "2459"]
[BlackElo "2427"]

1.e4 c5 2.c3 Nf6 3.e5 Nd5 4.d4 cxd4 5.Nf3 Nc6 6.Bc4 Nb6 7.Bb3 g6 8.Ng5 d5
9.exd6 e6 10.O-O Bg7 11.Ne4 h6 12.cxd4 Nxd4 13.Nbc3 Bd7 14.Be3 Nxb3 15.Qxb3 Bc6
16.Rfd1 O-O 17.f3 Nd7 18.Rac1 Qa5 19.Bd4 Rfd8 20.Bxg7 Kxg7 21.a3 Qe5 22.Qb4 Rac8
23.Qd4 Qxd4+ 24.Rxd4 Bxe4 25.fxe4 Ne5 26.Rcd1 Rd7 27.a4 f6 28.h3 a6 29.Ne2 Rcd8
30.Nf4 Kf7 31.Rb4 Rc8 32.Nd3 Nc4 33.e5 Nxe5 34.Nxe5+ fxe5  0-1

[Event "TCh-BEL 2001-2"]
[Site "Belgium BEL"]
[Date "2002.10.12"]
[Round "7"]
[White "Lemmers,O"]
[Black "Kohlweyer,B"]
[Result "1-0"]
[WhiteElo "2406"]
[BlackElo "2453"]

1.e4 c5 2.c3 Nf6 3.e5 Nd5 4.Nf3 e6 5.Bc4 d6 6.d4 cxd4 7.cxd4 Nb6 8.Bb3 dxe5
9.Nxe5 Nc6 10.Nxc6 bxc6 11.O-O Be7 12.Nc3 O-O 13.Re1 Nd5 14.Ne4 Qb6 15.Bg5 f6
16.Be3 Rd8 17.Rc1 Bd7 18.Nc5 Bxc5 19.Rxc5 Kh8 20.Bd2 a5 21.Re4 f5 22.Bxd5 fxe4
23.Bxe4 Be8 24.Qf3 Kg8 25.Bc3 Ra7 26.Bc2 Bg6 27.Bb3 a4 28.Bxe6+ Bf7 29.Rxc6 Qb5
30.Rc5 Qe8 31.Bf5 a3 32.Re5 Qf8 33.b3 Bg6 34.Be6+ Kh8 35.Qe3 Qd6 36.d5 Rb7
37.f4 Bb1 38.f5 Rf8 39.f6 gxf6 40.Rg5 Rg7 41.Rxg7 Kxg7 42.b4 Rf7 43.Bd4 Qxb4
44.Bxf7 Kxf7 45.Qe6+ Kf8 46.Qxf6+ Ke8 47.Qe5+ Kd8 48.d6 Kd7 49.Bc5 Qd2 50.h3 Bxa2
51.Qe7+ Kc6 52.Qc7+ Kb5 53.d7 Bd5 54.Bf2 Qg5 55.Qg3 Qd8 56.Qd3+ Kc6 57.Qxa3 Kxd7
58.Qa4+ Kc8 59.Bg3 Qb6+ 60.Kh2 Qc6 61.Qg4+ Qd7 62.Qd4 Kb7 63.Qb4+ Ka6 64.Bf4 Bc6
65.Be3 Qc7+ 66.Kg1 Qa5 67.Qc4+ Kb7 68.Qf7+ Qc7 69.Qb3+ Ka6 70.Bf2 Qa5 71.Qd3+ Qb5
72.Qxh7  1-0

[Event "TCh-SWE"]
[Site "Helsingborg SWE"]
[Date "2002.10.12"]
[Round "2"]
[White "Brynell,S"]
[Black "Kulaots,K"]
[Result "1-0"]
[WhiteElo "2524"]
[BlackElo "2542"]

1.e4 c5 2.c3 Nf6 3.e5 Nd5 4.d4 cxd4 5.Nf3 Nc6 6.cxd4 d6 7.Bc4 Nb6 8.Bb5 dxe5
9.Nxe5 Bd7 10.Nxd7 Qxd7 11.Nc3 e6 12.O-O Be7 13.Qg4 O-O 14.Bxc6 bxc6 15.Bh6 Bf6
16.Rfd1 Rfd8 17.Ne4 Qe7 18.Rac1 Rac8 19.h4 Rd5 20.Rc3 Nd7 21.Rg3 g6 22.Bg5 Rb5
23.Ra3 a5 24.Qf4 Rf5 25.Qd6 Kf8 26.Rb3 Rd5 27.Qf4 Bxg5 28.hxg5 e5 29.Qh2 Rxd4
30.Re1 Kg8 31.Rb7 Rxe4 32.Rxe4 Qxg5 33.Qh3 Qf5 34.Qxf5 gxf5 35.Re2  1-0

[Event "Essent Open"]
[Site "Hoogeveen NED"]
[Date "2002.10.12"]
[Round "2"]
[White "Van Beers,E"]
[Black "Ionov,S"]
[Result "1/2-1/2"]
[WhiteElo "2331"]
[BlackElo "2538"]

1.e4 c5 2.c3 Nf6 3.e5 Nd5 4.d4 cxd4 5.Nf3 Nc6 6.Bc4 Nb6 7.Bb3 d5 8.exd6 Qxd6
9.O-O Be6 10.Na3 dxc3 11.Qe2 Bxb3 12.Nb5 Qb8 13.axb3 g6 14.Be3 Nc8 15.Ra4 Bg7
16.Bf4 e5 17.Nxe5 Nxe5 18.Bxe5 Bxe5 19.f4 O-O 20.fxe5 cxb2 21.Raf4 a6 22.Nc3 Qc7
23.Ne4 Qc1 24.Nf6+ Kg7 25.Rh4 h6 26.Rc4 Qa1 27.Ra4 Qc1 28.Rc4 Qa1 29.Ra4 Qc1
30.Rc4  1/2-1/2

[Event "TCh-AUT B"]
[Site "Mitte AUT"]
[Date "2002.10.12"]
[Round "2"]
[White "Oswald,He"]
[Black "Benda,H"]
[Result "0-1"]
[WhiteElo "1989"]
[BlackElo "2251"]

1.e4 c5 2.c3 Nf6 3.e5 Nd5 4.d4 cxd4 5.cxd4 e6 6.Nf3 Nc6 7.Nc3 Nxc3 8.bxc3 Be7
9.Bd3 d6 10.exd6 Qxd6 11.Ng5 h6 12.Ne4 Qd5 13.O-O Bd7 14.Be3 Na5 15.Nd2 Bc6
16.Be4 Qd7 17.Qh5 b6 18.f4 Rc8 19.Rac1 Bxe4 20.Nxe4 Qd5 21.Qf3 O-O 22.g4 f5
23.gxf5 Qxf5 24.Rc2 Nc4 25.Rg2 Rf7 26.Ng3 Qd5 27.Ne4 Nd6 28.Nxd6 Qxf3 29.Rxf3 Bxd6
30.Bd2 e5 31.dxe5 Bxe5 32.Rfg3 Bf6 33.f5 Kh7 34.h3 Rc5 35.Rf3 Rd7 36.Kh2 Be5+
37.Kg1 Ra5 38.Be1 Rd1 39.Re2 Bf6 40.Kg2 Ra3 41.c4 Rxf3 42.Kxf3 Kg8 43.a4 Ra1
44.a5 bxa5 45.Bf2 Rc1 46.Re8+ Kh7 47.Ra8 Rxc4 48.Rxa7 a4 49.Bg3 Rc3+ 50.Kg2 a3
51.Bd6 Rc2+  0-1

[Event "FSFMA Oct"]
[Site "Budapest HUN"]
[Date "2002.10.13"]
[Round "9"]
[White "Schneider,V"]
[Black "Szilardfy,G"]
[Result "1/2-1/2"]
[WhiteElo "2243"]
[BlackElo "2115"]

1.e4 c5 2.c3 Nf6 3.e5 Nd5 4.Nf3 Nc6 5.d4 cxd4 6.cxd4 d6 7.Bc4 Nb6 8.Bb3 dxe5
9.d5 Na5 10.Nc3 Nxb3 11.Qxb3 e6 12.Nxe5 Bd6 13.Qb5+ Kf8 14.Nf3 Nxd5 15.Nxd5 exd5
16.Be3 a6 17.Qb3 Qa5+ 18.Bd2 Qb5 19.Qc3 Bg4 20.Nd4  1/2-1/2

[Event "1st It"]
[Site "Klaksvik FAI"]
[Date "2002.10.13"]
[Round "2"]
[White "Blauert,J"]
[Black "Jakobsen,O"]
[Result "0-1"]
[WhiteElo "2418"]
[BlackElo "2381"]

1.e4 c5 2.c3 Nf6 3.e5 Nd5 4.d4 cxd4 5.Nf3 d6 6.cxd4 Nc6 7.Bc4 dxe5 8.Bxd5 Qxd5
9.Nc3 Qd6 10.d5 Nd4 11.Nxd4 exd4 12.Qxd4 e5 13.Qd3 Bd7 14.O-O f5 15.Re1 Kf7
16.a4 e4 17.Qe2 Qa6 18.Qh5+ Qg6 19.Qh3 Rd8 20.f3 Bc5+ 21.Kh1 Bf2 22.Bf4 Bxe1
23.Rxe1 Rhe8 24.fxe4 fxe4 25.Qe3 b6 26.Qd4 Kg8 27.h3 Qf5 28.Bc7 Rc8 29.d6 e3
30.Qc4+ Kh8 31.Rf1 e2 32.Rxf5 e1=Q+ 33.Rf1 Qd2 34.Ne4 Qe3 35.Qf7 Be6 36.Qf3 Qxf3
37.Rxf3 Rf8 38.Re3 Bd7 39.a5 Rfe8 40.axb6 axb6 41.Bxb6 Rb8 42.Bc7 Rb4 43.Nc5 Rxe3
44.Nxd7 Rxb2 45.Nc5 Rc2 46.d7 Re1+ 47.Kh2 Rd1 48.d8=Q+ Rxd8 49.Bxd8 Rxc5
50.h4 Kg8 51.Kh3 Kf7 52.Bb6 Rc4 53.g3 Ke6 54.Ba7 Kf5 55.Bb8 Ke4 56.Bd6 Kf3
57.Be5 g6 58.Bd6 Rc1 59.Kh2 Kg4  0-1

[Event "TCh-AUT B"]
[Site "Mitte AUT"]
[Date "2002.10.13"]
[Round "3"]
[White "Ragger,M"]
[Black "Pesorda,I"]
[Result "1-0"]
[WhiteElo "2211"]
[BlackElo "2255"]

1.e4 c5 2.c3 Nf6 3.e5 Nd5 4.Nf3 Nc6 5.d4 cxd4 6.Bc4 Nb6 7.Bb3 d5 8.exd6 Qxd6
9.O-O Be6 10.Na3 Bxb3 11.Qxb3 e6 12.Nb5 Qd7 13.Nbxd4 Bc5 14.Rd1 O-O 15.Be3 Nxd4
16.Nxd4 Qe7 17.c4 Rac8 18.Rac1 Rfd8 19.a4 Qf6 20.a5 Bxd4 21.Bxd4 Rxd4 22.axb6 axb6
23.Qxb6 Rcxc4 24.Qxb7 Qd8 25.Qf3 Rd3 26.Ra1 Ra4 27.Rac1 Rc4 28.Ra1 Ra4 29.Rac1 Rad4
30.Rxd3 Rxd3 31.Qxd3  1-0

[Event "Essent Open"]
[Site "Hoogeveen NED"]
[Date "2002.10.14"]
[Round "4"]
[White "Hanley,C"]
[Black "Ionov,S"]
[Result "1/2-1/2"]
[WhiteElo "2345"]
[BlackElo "2538"]

1.e4 c5 2.c3 Nf6 3.e5 Nd5 4.Nf3 Nc6 5.Bc4 Nb6 6.Bb3 c4 7.Bc2 Qc7 8.Qe2 g5
9.h3 Bg7 10.O-O Nxe5 11.Nxg5 d5 12.Bxh7 Bf6 13.d4 cxd3 14.Bxd3 Nxd3 15.Qxd3 Qc4
16.Qxc4 Nxc4 17.Rd1 Nxb2 18.Bxb2 Bxg5 19.Rxd5 Rg8 20.Rd3 Bf5 21.Rg3 O-O-O
22.Na3 f6 23.Nb5 Bd7 24.c4 Bf4 25.Rxg8 Rxg8 26.g3 a6 27.Nc3 Be5 28.Rd1 Be6
29.h4 Bxc4 30.Rc1 Kb8 31.Na4 Bxb2 32.Rxc4 b5 33.Re4 Ba3 34.Nc3 Kc7 35.Kg2 Kd7
36.h5 e6 37.Rh4 Rh8 38.f4 f5 39.Nd1 Be7 40.Rh2 Bf6 41.g4 fxg4 42.Ne3 Rc8
43.Nxg4 Rc2+ 44.Kf3 Rxh2 45.Nxh2 Ke7 46.Ng4 Bc3 47.Ke4 Kf7 48.Ne5+ Kg7 49.Nd7 a5
50.Nc5 Kh6 51.Nxe6 Kxh5 52.Nc7 b4 53.Nd5 Be1 54.Kd3 a4  1/2-1/2

[Event "Essent Open"]
[Site "Hoogeveen NED"]
[Date "2002.10.16"]
[Round "6"]
[White "Van de Oudeweetering,A"]
[Black "Shaposhnikov,E"]
[Result "1/2-1/2"]
[WhiteElo "2413"]
[BlackElo "2544"]

1.e4 c5 2.c3 Nf6 3.e5 Nd5 4.d4 cxd4 5.Nf3 d6 6.Qxd4 e6 7.Nbd2 Nc6 8.Bb5 Bd7
9.Bxc6 Bxc6 10.Nc4 dxe5 11.Ncxe5 Ne7 12.O-O Bxf3 13.Nxf3 Qxd4 14.Nxd4 O-O-O
15.Bf4 Nd5 16.Bg3 Bc5 17.Rfd1 Rhe8 18.Kf1 a6 19.Nb3 Be7 20.Be5 f6 21.Bd4 Bd6
22.c4 Nb4 23.Bc3 Nc6 24.Nd4 Ne5 25.b3 Bc5 26.Ke2 Ng4 27.f3 Nh6 28.b4 Bd6
29.g3 Be5 30.Rac1 Rd7 31.Nb3 Rxd1 32.Kxd1 Bc7 33.Ke2 Nf5 34.Nd4 h5 35.Nxf5 exf5+
36.Kf2 h4 37.Rd1 Rh8 38.Kg2 h3+ 39.Kf2 f4 40.g4 Re8 41.g5 fxg5 42.Bxg7 a5
43.Rd5 axb4 44.Rxg5 Bd8 45.Rc5+ Kd7 46.Rh5 Rg8 47.Rh7 Kc6 48.Ke2 Bc7 49.Bd4 Bd6
50.Rxh3 Rg2+ 51.Kd3 Rxa2 52.Rh6 Ra3+ 53.Ke4 b6 54.h4 Ra2 55.Kd3 Ra3+ 56.Ke4 Ra2
57.Kd3  1/2-1/2

[Event "19th Muensterland Open"]
[Site "Senden GER"]
[Date "2002.10.17"]
[Round "8"]
[White "Karpatchev,A"]
[Black "Zapata,A"]
[Result "0-1"]
[WhiteElo "2489"]
[BlackElo "2556"]

1.e4 c5 2.c3 Nf6 3.e5 Nd5 4.d4 cxd4 5.cxd4 d6 6.Bc4 e6 7.Nf3 Bd7 8.O-O Bc6
9.Re1 Nd7 10.Bxd5 Bxd5 11.Nc3 Nb6 12.Nxd5 Nxd5 13.Ng5 Be7 14.Qa4+ Kf8 15.Ne4 h6
16.Qb3 dxe5 17.dxe5 Qb6 18.Qf3 g6 19.Nf6 Bxf6 20.exf6 Qd4 21.b3 Rc8 22.Ba3+ Kg8
23.Rad1 Qh4 24.Rxe6 fxe6 25.Rxd5 Rh7 26.Rd1 Qh5 27.g4 Qg5 28.Be7 Rf7 29.Kg2 Kh7
30.h3 Qb5 31.Qe4 Rc6 32.Rd8 Rc1 33.Qd3 Qc6+ 34.Kg3 Rc3  0-1

[Event "Essent Open"]
[Site "Hoogeveen NED"]
[Date "2002.10.18"]
[Round "8"]
[White "Span,P"]
[Black "Van Leent,D"]
[Result "1/2-1/2"]
[WhiteElo "2295"]
[BlackElo "2203"]

1.e4 c5 2.c3 Nf6 3.e5 Nd5 4.g3 Nc6 5.Bg2 e6 6.Qe2 Qc7 7.f4 Be7 8.Nf3 d6 9.exd6 Qxd6
10.Na3 O-O 11.O-O a6 12.Nc4 Qc7 13.Nfe5 Nd8 14.Ne3 Nxe3 15.dxe3 f6 16.Nc4 Nc6
17.a4 Bd7 18.a5 Rad8 19.e4 Be8 20.f5 Bf7 21.Bf4 e5 22.Be3 Nd4 23.cxd4 cxd4
24.Rfc1 dxe3 25.Nxe3 Qd7 26.Rd1 Qc7 27.Nd5 Bc5+ 28.Kh1 Bxd5 29.exd5 Bd6 30.Rdc1 Qd7
31.Be4 Rc8 32.b3 Rc7 33.Rxc7 Qxc7 34.Ra4 Qc3 35.Qd3 Rc8 36.Rc4 Rxc4 37.Qxc4 Qxa5
38.Qc8+ Bf8 39.Qc4 Qc5 40.Qxc5 Bxc5 41.d6 b6 42.d7 Be7 43.Kg2 Bd8 44.Bd3 a5
45.Kf3 Kf8 46.Ke4 Ke7 47.Kd5 Kxd7 48.g4 Ke7 49.h4 h5 50.gxh5 Bc7 51.Kc6 Bd6
52.Kxb6 Bb4 53.Kc6 Bd2 54.Be4 Kf8 55.Bd5 Ke7  1/2-1/2

[Event "Essent Open"]
[Site "Hoogeveen NED"]
[Date "2002.10.18"]
[Round "8"]
[White "Van Beers,E"]
[Black "Timmermans,I"]
[Result "1-0"]
[WhiteElo "2331"]
[BlackElo "2180"]

1.e4 c5 2.c3 Nf6 3.e5 Nd5 4.d4 cxd4 5.Nf3 Nc6 6.Bc4 Nb6 7.Bb3 d6 8.exd6 Qxd6
9.O-O Be6 10.Na3 dxc3 11.Qe2 Bxb3 12.Nb5 Qb8 13.axb3 e5 14.Nbd4 Nxd4 15.Nxd4 f6
16.bxc3 Kf7 17.Nb5 a6 18.Be3 axb5 19.Bxb6 b4 20.Qc4+ Kg6 21.Qg4+ Kf7 22.Qc4+ Kg6
23.Qg4+ Kf7 24.Rad1 Qc8 25.Rd7+ Be7 26.cxb4 h5 27.Qf5 Ra6 28.Bc5 Re6 29.Rfd1 b6
30.Bxe7 Rxe7 31.g3 Ke8 32.Qg6+  1-0

[Event "TCh-FIN 2002-3"]
[Site "Finland FIN"]
[Date "2002.10.19"]
[Round "2"]
[White "Rantanen,T"]
[Black "Fieandt,J"]
[Result "1/2-1/2"]
[WhiteElo "2166"]
[BlackElo "2181"]

1.e4 c5 2.c3 Nf6 3.e5 Nd5 4.d4 cxd4 5.Nf3 e6 6.Bc4 d6 7.exd6 Qxd6 8.O-O Nc6
9.Re1 Nb6 10.Bd3 Bd7 11.Re4 Qc7 12.Ng5 Be7 13.Qh5 g6 14.Qf3 Ne5 15.Qg3 Bd6
16.Bf4 f6 17.Nd2 dxc3 18.bxc3 Qxc3 19.Rae1 Qxd3 20.Bxe5 Qxg3 21.Bxg3 Bxg3
22.Nxe6 Bxh2+ 23.Kxh2 Kf7 24.Nc7 Rac8 25.Re7+ Kf8 26.Nd5 Re8 27.Rxe8+ Bxe8
28.Nxf6 Kf7 29.Nfe4 Bc6 30.Ng5+ Kf6 31.Nge4+ Kg7 32.Nc5 Nd5 33.Nc4 Kf6 34.Re6+ Kg7
35.Ne5 Rc8 36.Rd6 Kh6 37.Ng4+ Kg5 38.Ne5 Kf5 39.Nxc6 bxc6 40.Rd7 Rc7 41.Rd8 Ke5
42.Re8+ Re7 43.Rc8 Kd6 44.Nb3 Nb6 45.Rd8+ Kc7 46.Rd2 Re5 47.Kg3 Nc4 48.Rc2 Nd6
49.Kf4 Rf5+ 50.Ke3 Rd5 51.g4 Kb6 52.f4 h5 53.Nd4 c5 54.Rb2+ Kc7 55.Rc2 Kd7
56.Nf3 hxg4 57.Ne5+ Ke6 58.Nxg4 Nf5+ 59.Kf2 Rd4 60.Kf3 c4 61.Ne5 Rd3+ 62.Nxd3 Nd4+
63.Ke4 Nxc2  1/2-1/2

[Event "Before Thunder Storm"]
[Site "Tel Aviv ISR"]
[Date "2002.10.21"]
[Round "2"]
[White "Kaplan,S"]
[Black "Kharnak,D"]
[Result "1-0"]
[WhiteElo "2152"]
[BlackElo "2243"]

1.e4 c5 2.c3 Nf6 3.e5 Nd5 4.d4 cxd4 5.Nf3 e6 6.cxd4 d6 7.a3 Nc6 8.Bd3 Be7
9.O-O b6 10.Qe2 Bb7 11.Rd1 Rc8 12.Bd2 Qc7 13.Nc3 Nxc3 14.Bxc3 dxe5 15.d5 exd5
16.Nxe5 d4 17.Nxc6 dxc3 18.Nxa7 c2 19.Rdc1 Ra8 20.Rxc2 Qd6 21.Nb5  1-0

[Event "2nd Rohde Open"]
[Site "Sautron FRA"]
[Date "2002.10.26"]
[Round "1"]
[White "Bedouin,X"]
[Black "Fedorchuk,S"]
[Result "0-1"]
[WhiteElo "2176"]
[BlackElo "2564"]

1.e4 c5 2.c3 Nf6 3.e5 Nd5 4.d4 cxd4 5.cxd4 g6 6.Qb3 Nb6 7.Nf3 d5 8.Bf4 Nc6
9.Bd3 Bg7 10.O-O O-O 11.Nbd2 a5 12.Rac1 Be6 13.Rfe1 a4 14.Qa3 Ra5 15.Rc5 Nd7
16.Rb5 Qa8 17.h3 Rc8 18.Nb1 Bf5 19.Bxf5 gxf5 20.Qd3 e6 21.Na3 Qa6 22.Bd2 Rxb5
23.Qxb5 Ncb8 24.Rc1 Rc6 25.Ne1 Bf8 26.Nd3 Qa7 27.Nc2 Be7 28.b3 axb3 29.Qxb3 Nf8
30.Ndb4 Rc4 31.a3 Ng6 32.Qf3 Nc6 33.Be3 Qa4 34.Qe2 Nxb4 35.axb4 f4  0-1

[Event "Olympiad w"]
[Site "Bled SLO"]
[Date "2002.10.27"]
[Round "2"]
[White "Kosintseva,T"]
[Black "Jelica,M"]
[Result "1-0"]
[WhiteElo "2427"]
[BlackElo "2189"]

1.e4 c5 2.c3 Nf6 3.e5 Nd5 4.Nf3 e6 5.d4 cxd4 6.cxd4 d6 7.Bc4 Nc6 8.O-O Be7
9.Qe2 O-O 10.Qe4 Nc7 11.Bd3 g6 12.Bh6 Re8 13.Nc3 Bf8 14.Bg5 Qd7 15.Rad1 d5
16.Qf4 Bg7 17.h4 b6 18.Nh2 Ba6 19.Ng4 h5 20.Nf6+ Bxf6 21.Bxf6 Kh7 22.Bb1 Ne7
23.Rfe1 Nf5 24.f3 Ng7 25.g4 Rh8 26.Rc1 Nce8 27.Nd1 hxg4 28.fxg4 Kg8 29.Bg5 Rc8
30.Nf2 Nc7 31.Bf6 Nce8 32.Rxc8 Qxc8 33.Rc1 Qd7 34.Bg5 Nc7 35.Qd2 Nge8 36.Nd3 Bxd3
37.Qxd3 Kg7 38.b3 b5 39.Qc3 Kg8 40.Qc6 Qxc6 41.Rc2 Qc5 42.Rxc5 b4 43.Rc6 Kh7
44.Bd3 Na8 45.Kg2 Nec7 46.Ra6 Rf8 47.Rxa7 Rb8 48.Be7 Rb6 49.Bc5 Rc6 50.Bxb4 Rc1
51.Bc5 Rd1 52.Be2  1-0

[Event "10th Chigorin Mem B"]
[Site "St Petersburg RUS"]
[Date "2002.10.27"]
[Round "3"]
[White "Karlovich,A"]
[Black "Sharapov,E"]
[Result "0-1"]
[WhiteElo "2257"]
[BlackElo "2342"]

1.e4 c5 2.c3 Nf6 3.e5 Nd5 4.Nf3 Nc6 5.d4 cxd4 6.cxd4 d6 7.Bc4 e6 8.O-O Be7
9.exd6 Qxd6 10.Nc3 O-O 11.Re1 a6 12.Ne5 Nxc3 13.bxc3 Nxe5 14.Rxe5 Bf6 15.Re3 Bd7
16.a4 Rfc8 17.Bd3 g6 18.Ba3 Qc7 19.Be4 Bc6 20.Bxc6 Qxc6 21.a5 Rc7 22.Rb1 Rac8
23.Bc5 Rd7 24.Qb3 Rd5 25.Rf3 Bg7 26.h3 Rc7 27.Re1 Bf8 28.Bb6 Rc8 29.Qd1 Rb5
30.Re5 Rb2 31.Qc1 Ra2 32.Qf4 Ra1+ 33.Kh2 Qd7 34.Bc5 Bg7 35.Re2 Rxa5 36.Rb2 b5
37.c4 e5 38.Qd2 Ra4 39.cxb5 exd4 40.Bb4 axb5 41.Rb1 Qd5 42.Qd3 Rxb4 43.Rxb4 Qd6+  0-1

[Event "10th Chigorin Mem"]
[Site "St Petersburg RUS"]
[Date "2002.10.27"]
[Round "3"]
[White "Sivokho,S"]
[Black "Popov,Val"]
[Result "1/2-1/2"]
[WhiteElo "2503"]
[BlackElo "2568"]

1.e4 c5 2.c3 Nf6 3.e5 Nd5 4.d4 cxd4 5.Nf3 Nc6 6.Bc4 Nb6 7.Bb3 d6 8.exd6 Qxd6
9.O-O Be6 10.Na3 dxc3  1/2-1/2

[Event "10th Chigorin Mem"]
[Site "St Petersburg RUS"]
[Date "2002.10.27"]
[Round "3"]
[White "Deviatkin,A"]
[Black "Sorokin,M"]
[Result "1/2-1/2"]
[WhiteElo "2442"]
[BlackElo "2531"]

1.e4 c5 2.c3 Nf6 3.e5 Nd5 4.d4 cxd4 5.Qxd4 e6 6.Nf3 Nc6 7.Qe4 f5 8.Qe2 Qc7
9.g3 b6 10.Bg2 Ncb4 11.c4 Ba6 12.b3 b5 13.a3 bxc4 14.axb4 cxb3 15.Rxa6 Qxc1+
16.Qd1 Qc4 17.Qe2 Qc1+ 18.Qd1  1/2-1/2

[Event "Olympiad"]
[Site "Bled SLO"]
[Date "2002.10.28"]
[Round "3"]
[White "Rozentalis,E"]
[Black "Van Wely,L"]
[Result "1/2-1/2"]
[WhiteElo "2563"]
[BlackElo "2681"]

1.e4 c5 2.c3 Nf6 3.e5 Nd5 4.Nf3 Nc6 5.Bc4 Nb6 6.Bb3 c4 7.Bc2 Qc7 8.Qe2 g5
9.h3 Bg7 10.O-O Nxe5 11.Nxg5 d5 12.Re1 h6 13.Nf3 Nxf3+ 14.Qxf3 e5 15.Qg3 Bf6
16.d4 cxd3 17.Bxd3 Be6 18.Na3 a6 19.Be3 O-O-O 20.Qf3 Bg5 21.Bxb6 Qxb6 22.Rxe5 Qxb2
23.Nc2 Qxc3 24.Ree1 Rhg8 25.Rab1 Qf6 26.Qe2 Rd6 27.Rb4 a5 28.Ra4 Kb8 29.Rb1 Bh4
30.Qe3 Qg5 31.Qxg5 Bxg5 32.Rxa5 Bxh3 33.Rab5 Bc8 34.Nd4 Bd8 35.Bf5 b6 36.Bxc8 Kxc8
37.Nf5 Rd7 38.Rd1 d4 39.Rxd4 Rxd4 40.Nxd4 Kc7 41.Rf5 Rg7 42.g3 Be7 43.Kg2 Bc5
44.Nb5+ Kd7 45.a4 Ke6 46.Rh5 Rg6 47.Nc7+ Kd6 48.Nb5+ Ke6 49.Nc7+ Kd6  1/2-1/2

[Event "Open"]
[Site "Le Touquet FRA"]
[Date "2002.10.28"]
[Round "2"]
[White "Gorshkova,I"]
[Black "Kohlweyer,B"]
[Result "0-1"]
[WhiteElo "2190"]
[BlackElo "2450"]

1.e4 c5 2.c3 Nf6 3.e5 Nd5 4.d4 cxd4 5.Nf3 e6 6.cxd4 d6 7.Bd3 Nc6 8.O-O Be7
9.exd6 Qxd6 10.Nc3 O-O 11.Ne4 Qb4 12.a3 Qb6 13.Bc2 a5 14.Re1 h6 15.Qd3 Qa6
16.Qd1 Rd8 17.Nc3 Bf6 18.Nxd5 Rxd5 19.Be3 a4 20.Rc1 Qb5 21.Be4 Rd8 22.Qc2 Bd7
23.Qb1 Be8 24.Bd3 Qa5 25.Rc5 Qb6 26.Rb5 Qc7 27.Be4 Ra5 28.Rc5 Rxc5 29.dxc5 Na5
30.Qc2 Nb3 31.h3 Bb5 32.g3 Be7 33.c6 bxc6 34.Rd1 c5 35.Nd2 Nd4 36.Bxd4 Rxd4
37.Bf3 Bd3 38.Qc1 Bf6 39.b4 c4 40.Ne4 Bxe4 41.Rxd4 Bxd4 42.Bxe4 Qxg3+  0-1

[Event "Olympiad"]
[Site "Bled SLO"]
[Date "2002.10.29"]
[Round "4"]
[White "Kuntz,P"]
[Black "Hatanbaatar,B"]
[Result "1/2-1/2"]
[WhiteElo "2200"]
[BlackElo "2439"]

1.e4 c5 2.c3 Nf6 3.e5 Nd5 4.d4 cxd4 5.Nf3 Nc6 6.Bc4 e6 7.cxd4 d6 8.O-O Be7
9.Qe2 O-O 10.a3 Qc7 11.Bd3 Rd8 12.Re1 Bd7 13.Qe4 g6 14.Bh6 dxe5 15.dxe5 Be8
16.Nbd2 Nb6 17.Rac1 Nd7 18.Bb1 a5 19.h4 a4 20.Nc4 Nc5 21.Qe3 Nb3 22.Rcd1 Ncd4
23.Nxd4 Qxc4 24.Nxb3 axb3 25.h5 Bc6 26.hxg6 hxg6 27.Qg3 Bh4 28.Qf4 Qxf4 29.Bxf4 Be7
30.Bd2 Ra4 31.Bc3 Rc8 32.Rd4 Rxd4 33.Bxd4 Bd5 34.Kh2 Rc4 35.Rd1 b5 36.Kg1 Ra4
37.Bc3 Bc5 38.Bd3 Rf4 39.Rd2 b4 40.axb4 Bxb4 41.Bxb4 Rxb4 42.Kf1 Kg7 43.g3 g5
44.Ke2 f6 45.exf6+ Kxf6 46.Ke3 Ke5 47.f3 Ra4 48.Rh2 Ra2 49.f4+ gxf4+ 50.gxf4+ Kd6
51.Be4 Ra1 52.Bxd5 Kxd5 53.Rd2+ Kc5 54.Rd3 Rh1 55.Ke4 Kc4 56.Rd4+ Kc5 57.Rd3 Kb4
58.Rd4+ Kb5 59.Rd3 Kc4 60.Rd4+ Kc5 61.Rd3  1/2-1/2

[Event "Olympiad"]
[Site "Bled SLO"]
[Date "2002.10.29"]
[Round "4"]
[White "Baklan,V"]
[Black "Romero Holmes,A"]
[Result "1-0"]
[WhiteElo "2607"]
[BlackElo "2524"]

1.e4 c5 2.c3 Nf6 3.e5 Nd5 4.Nf3 Nc6 5.Bc4 Nb6 6.Bb3 g6 7.d4 cxd4 8.cxd4 Bg7
9.Nc3 O-O 10.O-O d5 11.h3 f6 12.exf6 exf6 13.Re1 Na5 14.Bc2 Nac4 15.a4 a5
16.b3 Nd6 17.Ba3 Rf7 18.Bc5 Bf5 19.Bxb6 Qxb6 20.Nxd5 Qc6 21.Bxf5 Nxf5 22.Ne3 Nxe3
23.Rxe3 Bh6 24.d5 Qc5 25.Rd3 Rd8 26.Ra2 Qc1 27.Qxc1 Bxc1 28.Rc2 Ba3 29.Nd2 Bb4
30.Nc4 Rfd7 31.Nb6 Rd6 32.Rc8 Rxc8 33.Nxc8 Rd8 34.Nb6 Bc5 35.Nc4 b6 36.g4 Kf7
37.Kg2 Re8 38.Kf1 Re4 39.Rd2 Re8 40.Rd1 Re4 41.Rd2 Re8 42.Rc2 Ra8 43.Kg2 Rd8
44.Nxa5 Rxd5 45.Nb7 Ke6 46.a5 Bd4 47.a6 b5 48.Na5 Rd7 49.Nc6 Ba7 50.b4 Kd6
51.Na5 Rc7 52.Nb7+ Kd7 53.Rd2+ Ke7 54.Na5 Bb6 55.Rd5 Bxa5 56.Rxb5 Bxb4 57.Rxb4 Kd8
58.Rb6  1-0

[Event "Olympiad"]
[Site "Bled SLO"]
[Date "2002.10.30"]
[Round "5"]
[White "Sidorenko,Al"]
[Black "Larrea,M"]
[Result "1/2-1/2"]
[WhiteElo "2324"]
[BlackElo "2184"]

1.e4 c5 2.c3 Nf6 3.e5 Nd5 4.d4 cxd4 5.cxd4 d6 6.exd6 e6 7.Nc3 Bxd6 8.Bd3 O-O
9.Nf3 Nc6 10.O-O b6 11.Re1 Nf6 12.Bg5 Be7 13.Qe2 Bb7 14.Rad1 Nb4 15.Bb1 Bxf3
16.Qxf3 Nbd5 17.Nxd5 Qxd5 18.Qg3 Rad8 19.Re5 Qd6 20.Bh6 Ne8 21.Qd3 f5 22.Bf4 Qd7
23.Qb3 Nc7 24.Bxf5 Kh8 25.Bxe6 Nxe6 26.Qxe6 Bd6 27.Qxd7 Rxd7 28.g3 Bxe5 29.Bxe5 Rc8
30.Rd2 Kg8 31.f4 Kf7 32.d5 Rc5 33.d6 Ke6  1/2-1/2

[Event "Olympiad w"]
[Site "Bled SLO"]
[Date "2002.10.30"]
[Round "5"]
[White "Kosintseva,T"]
[Black "Kadziolka,B"]
[Result "1-0"]
[WhiteElo "2427"]
[BlackElo "2238"]

1.e4 c5 2.c3 Nf6 3.e5 Nd5 4.Nf3 e6 5.Bc4 Nb6 6.Bb3 d6 7.d4 dxe5 8.Nxe5 Nc6
9.Nxc6 bxc6 10.O-O cxd4 11.cxd4 Be7 12.Nc3 O-O 13.Bc2 Nd5 14.Re1 Nxc3 15.bxc3 Ba6
16.Be4 Rc8 17.Qa4 Qb6 18.Rb1 Bb5 19.Qc2 f5 20.Bd3 Bxd3 21.Qxd3 Qc7 22.Rxe6 Bd6
23.h3 Rce8 24.Rxe8 Rxe8 25.Bd2 Qd7 26.Qc4+ Kh8 27.Re1 Rxe1+ 28.Bxe1 g6 29.Kf1 Kg7
30.d5 cxd5 31.Qxd5 Kf6 32.Bd2 g5 33.c4 Qe7 34.Bc3+ Kg6 35.g4 fxg4 36.hxg4 Bf4
37.Qd3+ Kf7 38.Qxh7+ Ke8 39.Qxe7+ Kxe7 40.Ke2 Bc7 41.Bd2 Kf6 42.Kd3 Bd8 43.Be3 a6
44.Ke4  1-0

[Event "Blue Autumn"]
[Site "Bucharest ROM"]
[Date "2002.10.30"]
[Round "8"]
[White "Murariu,A"]
[Black "Golubev,M"]
[Result "0-1"]
[WhiteElo "2395"]
[BlackElo "2528"]

1.e4 c5 2.c3 Nf6 3.e5 Nd5 4.d4 cxd4 5.Nf3 d6 6.exd6 e6 7.Nxd4 Bxd6 8.g3 Nc6
9.Bg2 Nxd4 10.Qxd4 O-O 11.O-O Qc7 12.Nd2 Bd7 13.Ne4 Bb5 14.Re1 Be5 15.Qc5 Bc6
16.f4 Bf6 17.Nxf6+ Nxf6 18.Bxc6 bxc6 19.Be3 Rfb8 20.Qa3 a5 21.Bd4 Nd7 22.c4 c5
23.Bc3 a4 24.Rad1 Qc6 25.Be5 Nxe5 26.fxe5 Rd8 27.Rd3 Rd4 28.Rxd4 cxd4 29.Qd3 Qb6
30.Re4 Qxb2 31.Rxd4 h6 32.a3 Rb8 33.Rd8+ Rxd8 34.Qxd8+ Kh7 35.Qd3+ g6 36.Qf3 Kg8
37.Qa8+ Kg7 38.Qxa4 Qxe5 39.Qb4 Qe3+ 40.Kg2 Qe2+ 41.Kg1 e5 42.c5 Qe3+ 43.Kg2 g5
44.Kf1 Qf3+ 45.Ke1 Qh1+ 46.Kf2 Qxh2+ 47.Kf3 Qc2 48.Ke3 h5 49.a4 Qg2 50.Qe1 f5
51.Qa5 f4+ 52.gxf4 gxf4+ 53.Kd3 Qd5+ 54.Ke2 Qe4+ 55.Kf1 Qf3+ 56.Ke1 Qe3+
57.Kf1 f3 58.Qa7+ Kg6 59.Qa6+ Kg5 60.c6 Qd2  0-1

[Event "Open"]
[Site "Le Touquet FRA"]
[Date "2002.10.30"]
[Round "6"]
[White "Henris,L"]
[Black "Houdart,D"]
[Result "1/2-1/2"]
[WhiteElo "2325"]
[BlackElo "2086"]

1.e4 c5 2.c3 Nf6 3.e5 Nd5 4.d4 cxd4 5.Nf3 e6 6.cxd4 b6 7.Nc3 Nxc3 8.bxc3 Qc7
9.Bd2 Bb7 10.Bd3 d6 11.O-O Nd7 12.Ng5 dxe5 13.Qh5 g6 14.Qh3 Be7 15.Rfe1 Rd8
16.f4 Bxg5 17.fxg5 O-O 18.Qh6 Nc5 19.Bc2 exd4 20.cxd4 e5 21.Rxe5 Qxe5 22.dxe5 Rxd2
23.Bb3 Rxg2+ 24.Kf1 Nd3 25.Re1 Rf2+ 26.Kg1 Rg2+  1/2-1/2